000 00984nam a2200277Ia 4500
008 191130s2010##################000#0#eng##
020 _a9780415911788
022 _a2010291340
040 _aACL
_cACL
082 _a304.20973 CON
245 _aThe making of the American landscape
_cedited by Michael P. Conzen
250 _a2nd ed
260 _aNew York ; London
_bRoutledge
_cc2010
300 _axvi, 433 p. : ill. ; 25 cm.
500 _aPrevious ed.: Boston : Unwin Hyman, 1990. Includes bibliographical references and index
650 _aHuman geography - North America
650 _aHuman geography - United States
650 _aLandscape changes - North America
650 _aLandscape changes - United States
650 _aNature - Effect of human beings on - North America
650 _aNature - Effect of human beings on - United States
700 _aConzen, Michael P
990 _a05ad7a84ac10000c69d9b7a971db7110
991 _a262330
999 _c57942
_d57942